SSC reasoning: (Record no. 11676)

MARC details
000 -LEADER
fixed length control field 00588nam a22002057a 4500
005 - DATE AND TIME OF LATEST TRANSACTION
control field 20230929133707.0
008 - FIXED-LENGTH DATA ELEMENTS--GENERAL INFORMATION
fixed length control field 230929b ||||| |||| 00| 0 eng d
020 ## - INTERNATIONAL STANDARD BOOK NUMBER
International Standard Book Number 9789355017284
040 ## - CATALOGING SOURCE
Original cataloging agency IN-DiNC
Transcribing agency IN-DiNC
041 ## - LANGUAGE CODE
Language code of sung or spoken text English
082 ## - DEWEY DECIMAL CLASSIFICATION NUMBER
Classification number 030
Item number AGG
100 ## - MAIN ENTRY--PERSONAL NAME
Personal name Aggarwal, R S
Relator term Author
245 ## - TITLE STATEMENT
Title SSC reasoning:
Remainder of title topic wise complete coverage with detailed explanations & short tricks/
Statement of responsibility, etc. by R S Aggarwal
250 ## - EDITION STATEMENT
Edition statement 1st ed.
260 ## - PUBLICATION, DISTRIBUTION, ETC.
Place of publication, distribution, etc. New Delhi:
Name of publisher, distributor, etc. S Chand,
Date of publication, distribution, etc. 2023.
300 ## - PHYSICAL DESCRIPTION
Extent 531p.
650 ## - SUBJECT ADDED ENTRY--TOPICAL TERM
Topical term or geographic name entry element Verbal reasoning
650 ## - SUBJECT ADDED ENTRY--TOPICAL TERM
Topical term or geographic name entry element Non verbal reasoning
942 ## - ADDED ENTRY ELEMENTS (KOHA)
Source of classification or shelving scheme Dewey Decimal Classification
Koha item type Books
Holdings
Withdrawn status Lost status Source of classification or shelving scheme Damaged status Not for loan Collection code Home library Current library Shelving location Date acquired Cost, normal purchase price Total Checkouts Full call number Barcode Date last seen Date last checked out Copy number Price effective from Koha item type
    Dewey Decimal Classification     General Collection Central Library, Naharkatiya College Central Library, Naharkatiya College General Stacks 29/09/2023 625.00 12 030 AGG 29439 21/01/2026 15/12/2025 1 29/09/2023 Books

Naharkatiya College © 2020. All rights reserved.

Powered By